THE LAW OF CONTRACT (Record no. 9597)

MARC details
000 -LEADER
fixed length control field 00302nam a22001457a 4500
003 - CONTROL NUMBER IDENTIFIER
control field SGT
082 ## - DEWEY DECIMAL CLASSIFICATION NUMBER
Classification number 346.4202,TRE
100 ## - MAIN ENTRY--PERSONAL NAME
Personal name TREITEL
245 ## - TITLE STATEMENT
Title THE LAW OF CONTRACT
250 ## - EDITION STATEMENT
Edition statement 13TH
260 ## - PUBLICATION, DISTRIBUTION, ETC. (IMPRINT)
Place of publication, distribution, etc LONDAN
Name of publisher, distributor, etc SWEET & MAXWELL
Year of Publication 2010
300 ## - PAGE DESCRIPTION
No. of Pages 1212
653 ## - KEYWORDS--INDEX TERM
Keyword term CONTRACT-LONDAN
942 ## - ADDED ENTRY ELEMENTS (KOHA)
Source of classification or shelving scheme Dewey Decimal Classification
Koha item type Books
Holdings
Withdrawn status Lost status Source of classification or shelving scheme Damaged status Not for loan Collection code Home library Current library Shelving location Date acquired Vendor Name Cost, normal purchase price SGTU Bill Number Full call number Accession No. (Barcode) Date last seen Bill Date Koha item type
    Dewey Decimal Classification   Not For Loan LAW SGT Science & Social Sciences Library SGT Science & Social Sciences Library Reference Book 22/07/2016 SATYAM BOOKS 3635.64 SGTU 985 346.4202,TRE FL176 22/07/2016 22/01/2014 Books